House of sky and breath : (Record no. 13765)

000 -LEADER
fixed length control field 01170nam a2200193 4500
020 ## - ISBN
ISBN 9781526628220
082 ## - DEWEY DECIMAL CLASSIFICATION NUMBER
Classification number Fic M112 2022
100 ## - MAIN ENTRY--PERSONAL NAME
Personal name Maas, Sarah J.
245 ## - TITLE STATEMENT
Title House of sky and breath :
Remainder of title a crescent city novel /
Statement of responsibility, etc. by Sarah J. Maas.
260 ## - PUBLICATION, DISTRIBUTION, ETC. (IMPRINT)
Place of publication, distribution, etc. London :
Name of publisher, distributor, etc. Bloomsbury Publishing,
Date of publication, distribution, etc. c2022.
300 ## - PHYSICAL DESCRIPTION
Extent/Page number 805 pages ;
Other physical details 20 cm.
520 ## - SUMMARY, ETC.
Summary, etc. Bryce Quinlan and Hunt Athalar have made a pact. As they process the events of the Spring they will keep things ... platonic ... until the Solstice. But can they resist when the crackling tension between them is enough to set the whole of Crescent City aflame? And they are not out of danger yet. Dragged into a rebel movement they want no part of, Bryce, Hunt and their friends find themselves pitted against the terrifying Asteri - whose notice they must avoid at all costs. But as they learn more about the rebel cause, they face a choice: stay silent while others are oppressed, or fight. And they've never been very good at staying silent.
526 ## - STUDY PROGRAM INFORMATION NOTE
PROGRAM TYPE FICTION
650 ## - SUBJECT ADDED ENTRY--TOPICAL TERM
Topical term or geographic name as entry element Adventure fiction.
650 ## - SUBJECT ADDED ENTRY--TOPICAL TERM
Topical term or geographic name as entry element Fantasy fiction.
650 ## - SUBJECT ADDED ENTRY--TOPICAL TERM
Topical term or geographic name as entry element Fairies--Fiction.
700 ## - ADDED ENTRY--PERSONAL NAME/OTHER AUTHORS
Personal name Romance fiction.
942 ## - ADDED ENTRY ELEMENTS
Classification
Item type Book
Holdings
Withdrawn status Lost status Source of classification or shelving scheme Damaged status Not for loan Collection code Permanent Location Current Location Shelving location Date acquired Source of acquisition Cost, normal purchase price Inventory number Full call number Barcode Date last seen Copy number Cost, replacement price Price effective from Item type
          Fiction High School Library High School Library Fiction 2025-10-15 Library Budget 699.00 8253 Fic M112 2022 HS8253 2026-01-28 1 1598.00 2025-10-15 Book